Graphic storytelling

Αποθηκεύτηκε σε:
Λεπτομέρειες βιβλιογραφικής εγγραφής
Κύριος συγγραφέας: Eisner, Will
Μορφή: Βιβλίο
Γλώσσα:English
Δημοσίευση: Tamarac, Florida : Poorhouse Press, 1996.
Θέματα:
Ετικέτες: Προσθήκη ετικέτας
Δεν υπάρχουν, Καταχωρήστε ετικέτα πρώτοι!

MARC

LEADER 00000cam a2200000 i 4500
001 1/46838
008 040114s1996 flu| ||| |||| ||eng||
020 |a 0-9614728-2-0 
035 |l 10071972 
040 |a GR-MyUAa  |b gre  |e AACR2 
041 0 |a eng 
082 7 |a 808.066741   |2 (22) 
100 1 |a Eisner, Will. 
245 1 0 |a Graphic storytelling /   |c Will Eisner. 
260 |a Tamarac, Florida :   |b Poorhouse Press,   |c 1996. 
300 |a 163 σ. :   |b εικ. ;   |c 29 εκ. 
650 0 |a Comic books, strips, etc.  |x Authorship. 
650 0 |a Cartooning  |x Technique. 
650 0 |a Comic books, strips, etc.  |x Illustrations. 
650 0 |a Graphic novels  |x Authorship. 
852 |a INST  |b RHODES  |e 20040114  |h 808.066741 EIS  |p 005400019823  |q 005400019823  |t BK  |y 10 
901 |a BIBL4-2004-1 
922 |a 4ΕΛΗ  |b 200312  |c ΕΠΕΑΕΚ2/ΤΕΠΑΕΣ  |d ΜΙΧΑΛΟΠΟΥΛΟΣ 
950 |a 096-2003-10-23 
970 |a ΚΟΥΛΑΚΙΟΤΗ  |b ΛΙΤΣΑ  |z 2004/01/23